QUEST Central Library Banner

Investigating the Effect of Underground Water on Mechanical and Durability Properties of Brick Kiln Ash Concrete (Record no. 67414)

MARC details
000 -LEADER
fixed length control field 00498nam a22001337a 4500
100 ## - MAIN ENTRY--AUTHOR NAME
Personal name Imran Khan
-- 17-16MCEM05
-- Supervisor - Prof.Dr. Daddan Khan Bangwar
245 ## - TITLE STATEMENT
Title Investigating the Effect of Underground Water on Mechanical and Durability Properties of Brick Kiln Ash Concrete
260 ## - PUBLICATION, DISTRIBUTION, ETC. (IMPRINT)
Place of publication Nawabshah
Name of publisher Quest
Year of publication 2021
300 ## - PHYSICAL DESCRIPTION
Number of Pages 42p.
650 ## - SUBJECT ADDED ENTRY--TOPICAL TERM
Topical Term Construction Engineering and Management
700 ## - ADDED ENTRY--PERSONAL NAME
Personal name Deparment of Civil Engineering
856 ## - ELECTRONIC LOCATION AND ACCESS
Uniform Resource Identifier http://tinyurl.com/ycxpztuv
942 ## - ADDED ENTRY ELEMENTS (KOHA)
Koha item type Thesis and Dissertation
Holdings
Withdrawn status Lost status Home library Current library Date acquired Accession Number Koha item type
    Research Section Research Section 12/01/2022 MP/72-957 Thesis and Dissertation
    Research Section Research Section 12/01/2022 MP/72-958 Thesis and Dissertation
    Research Section Research Section 12/01/2022 MP/72-959 Thesis and Dissertation

Copyright © 2018,The QUEST, Nawabshah, Shaheed Benazirabad. All rights reserved
Mr. G. Farooq Channar (Librarian) QUEST, Nawabshah, Sindh, Pakistan 67480.
 Ph#: |   0244-9370381-4 Ext. 2308   Email| lib@quest.edu.pk   Web|  http://www.quest.edu.pk